000 00542nam a22001697a 4500
005 20170922153527.0
010 _a1718EN-30
020 _a9789386367693
_c695.00
037 _bAlpna Edition
_adpl
100 _aPatten, William
245 _aThe junior classics :
_cby William Patten
_bHeroes and heroines of chivalry /
260 _aNew Delhi
_bAlpna Edition
_c2017
270 _a2/41, Ansari Road, Darya Ganj,
_bNew Delhi
_e110002
300 _a452p.
_c23cm(pbk)
942 _2ddc
_cEN
_mPAT
999 _c145334
_d145334